| 000 | 00863cab a2200229 4500 | ||
|---|---|---|---|
| 001 | WB3031-46 | ||
| 008 | 090401t1994 xxu||||| |||| 00| 0 eng d | ||
| 035 | _a(Sirsi) u30213 | ||
| 041 | _aeng | ||
| 245 | _aRogan v Woodfield Building Services | ||
| 260 | _c1994 | ||
| 350 | _a0 | ||
| 490 |
_aTimes _v10 August 1994, 19 |
||
| 490 |
_aEstates Gazette Case Summaries _v(1994) EGCS 145(2) (11.8.94) |
||
| 520 | _aCA 29 July 1994. In dismissing R`s appeal against an unsuccessful claim for overpaid rent, CA held that a landlord bound by the Landlord and Tenant Act 1987 s48, had to supply the tenant with a notice of that address in writing. | ||
| 650 | _aLANDLORD AND TENANT ACT 1987 S48 | ||
| 650 | _aLANDLORDS ADDRESS | ||
| 650 | _aSERVING NOTICES | ||
| 690 | _aLANDLORD AND TENANT-CASE LAW-RESIDENTIAL TENANCIES | ||
| 942 | _n0 | ||
| 948 | _c04/03/1997 | ||
| 999 |
_c20356 _d20356 |
||